Marine transboundary conservation and protected areas / (Record no. 27561)

000 -LEADER
fixed length control field 01376cam a2200373Ii 4500
001 - CONTROL NUMBER
control field 9781315724270
003 - CONTROL NUMBER IDENTIFIER
control field OSt
005 - DATE AND TIME OF LATEST TRANSACTION
control field 20240802185343.0
006 - FIXED-LENGTH DATA ELEMENTS--ADDITIONAL MATERIAL CHARACTERISTICS
fixed length control field a|||||o|||| 00| 0
008 - FIXED-LENGTH DATA ELEMENTS--GENERAL INFORMATION
fixed length control field 180706s2016 enka ob 001 0 eng d
020 ## - INTERNATIONAL STANDARD BOOK NUMBER
International Standard Book Number 9781315724270
Qualifying information (e-book : PDF)
International Standard Book Number 9781317530442
Qualifying information (e-book: Mobi)
International Standard Book Number 9781317530459
Qualifying information (e-book: ePub)
Canceled/invalid ISBN 9781138851139
Qualifying information (hardback)
Canceled/invalid ISBN 9781138618336
Qualifying information (paperback)
024 7# - OTHER STANDARD IDENTIFIER
Standard number or code 10.4324/9781315724270
Source of number or code doi
035 ## - SYSTEM CONTROL NUMBER
System control number (OCoLC)948511802
System control number (OCoLC)952730480
040 ## - CATALOGING SOURCE
Transcribing agency imu-kc
050 #4 - LIBRARY OF CONGRESS CALL NUMBER
Classification number QH91.75.A1
Item number M34 2016
082 04 - DEWEY DECIMAL CLASSIFICATION NUMBER
Classification number 333.916416
Item number M338
245 00 - TITLE STATEMENT
Title Marine transboundary conservation and protected areas /
Statement of responsibility, etc. edited by Peter Mackelworth.
264 #1 - PRODUCTION, PUBLICATION, DISTRIBUTION, MANUFACTURE, AND COPYRIGHT NOTICE
Place of production, publication, distribution, manufacture London ;
-- New York :
Name of producer, publisher, distributor, manufacturer Routledge,
Date of production, publication, distribution, manufacture, or copyright notice 2016.
300 ## - PHYSICAL DESCRIPTION
Extent 1 online resource (xii, 313 pages)
490 1# - SERIES STATEMENT
Series statement Earthscan oceans
505 0# - FORMATTED CONTENTS NOTE
Formatted contents note pt. 1. Establishing pathways of influence in the marine conservation context -- pt. 2. Marine transboundary conservation in action.
650 #0 - SUBJECT ADDED ENTRY--TOPICAL TERM
Topical term or geographic name entry element Marine parks and reserves.
Topical term or geographic name entry element Transfrontier conservation areas.
700 1# - ADDED ENTRY--PERSONAL NAME
Personal name Mackelworth, Peter,
Relator term editor.
776 08 - ADDITIONAL PHYSICAL FORM ENTRY
Relationship information Print version:
International Standard Book Number 9781138851139
Record control number (DLC) 2015045918
830 #0 - SERIES ADDED ENTRY--UNIFORM TITLE
Uniform title Earthscan oceans.
856 40 - ELECTRONIC LOCATION AND ACCESS
Uniform Resource Identifier <a href="https://www.taylorfrancis.com/books/9781315724270">https://www.taylorfrancis.com/books/9781315724270</a>
Public note Click here to view.
942 ## - ADDED ENTRY ELEMENTS (KOHA)
Source of classification or shelving scheme
Koha item type E-Book

No items available.

Designed and Maintained by IMU-KC Library, Kolkata Campus © Copyright All Rights Reserved

webs counters

Powered by Koha